Statistics for Clubs at the 2018 FIFA World Cup

Click here to take the quiz!

General Stats

  • This quiz has been taken 740 times
    (707 since last reset)
  • The average score is 23 of 32

Answer Stats

LeagueClubNo of Players% Correct
SpainReal Madrid15
99%
SpainFC Barcelona14
98%
EnglandManchester City16
98%
FranceParis Saint-Germain12
97%
GermanyBayern Munich11
96%
EnglandChelsea FC11
95%
ItalyJuventus FC11
95%
EnglandTottenham Hotspur12
94%
EnglandManchester United11
93%
EnglandArsenal FC7
92%
EnglandLiverpool FC7
92%
SpainAtletico Madrid9
91%
GermanyBorussia Dortmund7
90%
PortugalFC Porto5
86%
ItalyAC Milan5
84%
PortugalSL Benfica5
84%
PortugalSporting CP7
80%
FranceAS Monaco8
73%
RussiaCSKA Moscow6
69%
ItalyNapoli6
66%
SpainSevilla FC6
62%
RussiaZenit Saint Petersburg6
61%
EnglandLeicester City8
57%
NetherlandsFeyenoord5
51%
Saudi ArabiaAl Ahli9
45%
EgyptAl-Ahly7
45%
RussiaLokomotiv Moscow6
41%
Saudi ArabiaAl-Hilal9
34%
GermanyBorussia Monchengladbach7
34%
GermanyEintracht Frankfurt6
24%
ItalyUC Sampdoria5
15%
EnglandStoke City5
14%

Score Distribution

Percentile by Number Answered

Percent of People with Each Score

Your Score History

You have not taken this quiz since the last reset